<?xml version="1.0" encoding="UTF-8"?><collection xmlns="info:lc/xmlns/marcxchange-v2"><record format="Unimarc" type="bibliographic"><leader>00661nam  2200229   450 </leader><controlfield tag="001">3835063</controlfield><controlfield tag="003">http://id.bnportugal.gov.pt/bib/porbase/3835063</controlfield><datafield ind1=" " ind2=" " tag="010"><subfield code="a">0-85263-538-9</subfield></datafield><datafield ind1=" " ind2=" " tag="035"><subfield code="a">(bn)2223688</subfield></datafield><datafield ind1=" " ind2=" " tag="100"><subfield code="a">20250820e19901981m  y0pory01030103ba</subfield></datafield><datafield ind1="0" ind2=" " tag="101"><subfield code="a">eng</subfield></datafield><datafield ind1=" " ind2=" " tag="102"><subfield code="a">GB</subfield></datafield><datafield ind1=" " ind2=" " tag="106"><subfield code="a">r</subfield></datafield><datafield ind1="1" ind2=" " tag="200"><subfield code="a">Board and table game antiques</subfield></datafield><datafield ind1=" " ind2=" " tag="205"><subfield code="a">Repr</subfield></datafield><datafield ind1=" " ind2="9" tag="210"><subfield code="a">[S.l.]</subfield><subfield code="c">Shire</subfield><subfield code="d">1990</subfield></datafield><datafield ind1=" " ind2=" " tag="215"><subfield code="a">31, [1] p.</subfield></datafield><datafield ind1="2" ind2=" " tag="225"><subfield code="a">Shire album</subfield><subfield code="v">60</subfield></datafield><datafield ind1=" " ind2=" " tag="317"><subfield code="a">Biblioteca de Elísio Romariz Santos Silva</subfield><subfield code="5">PTBN:</subfield></datafield><datafield ind1=" " ind2="1" tag="700"><subfield code="a">Bell</subfield><subfield code="b">R. C.</subfield><subfield code="3">2679270</subfield></datafield><datafield ind1=" " ind2="0" tag="801"><subfield code="a">PT</subfield><subfield code="b">BN</subfield><subfield code="g">RPC</subfield></datafield><datafield ind1=" " ind2=" " tag="971"><subfield code="c">asantos</subfield><subfield code="d">20250820</subfield></datafield></record></collection>